[Event "Oberfranken-ch U14 0304"]
[Site "Schney"]
[Date "2004.01.03"]
[Round "4"]
[White "Kuhlemann, Sophie"]
[Black "Bonk, Andy"]
[Result "0-1"]
[WhiteElo "768"]
[BlackElo "1277"]
[PlyCount "104"]
[EventDate "2004.01.02"]
[EventType "swiss"]
[EventRounds "7"]
[EventCountry "GER"]
[SourceTitle "EXT 2005"]
[Source "ChessBase"]
[SourceDate "2004.11.15"]
[SourceVersion "1"]
[SourceVersionDate "2004.11.15"]
[SourceQuality "1"]

1. d4 d5 2. c4 c6 3. Nc3 Nf6 4. Bg5 Nbd7 5. e3 e6 6. Nf3 Bd6 7. Bd3 b6 8. 0-0 Qc7 9. c5 bxc5 10. dxc5 Bxc5 11. Bf4 e5 12. Bg3 Bd6 13. e4 d4 14. Na4 c5 15. Rc1 Bb7 16. Re1 0-0 17. Bb5 Bc6 18. Bxc6 Qxc6 19. Ng5 h6 20. Nf3 Nxe4 21. b4 Nxg3 22. hxg3 c4 23. Nc5 Bxc5 24. bxc5 Qxc5 25. Qa4 Nb6 26. Qc2 Rfe8 27. Qf5 f6 28. g4 Rad8 29. g5 hxg5 30. g3 Rd5 31. Qg6 Rdd8 32. Kg2 Qd5 33. Rh1 Qf7 34. Qh7+ Kf8 35. Rh2 Ke7 36. Qe4 Qd5 37. Qg6 Qf7 38. Qc2 c3 39. Rch1 Kd6 40. Qc1 Qxa2 41. Rh7 Re7 42. Rh8 Rxh8 43. Rxh8 Qb2 44. Qd1 c2 45. Rd8+ Rd7 46. Qd2 c1Q 47. Qxb2 Qxb2 48. Rg8 Nd5 49. Ne1 Ne3+ 50. Kf3 g4+ 51. Ke4 Qxf2 52. Nd3 Qf3# 0-1